000 00447nam a2200193Ia 4500
005 20250603144621.0
008 250603s9999 xx 000 0 und d
020 _a978-0-13-615250-7
050 _aQA 76.73 .C153 .D45/
100 _aDeitel, P.J.
245 0 _aC++ how to program
250 _a6th ed.
260 _aNew Jersey
260 _bPearson Education
260 _c2008
300 _a1429 p
650 _aNew Jersey
942 _cBK
999 _c39448
_d39448